| 000 | 01257nam a2200289M 4500 | ||
|---|---|---|---|
| 001 | anawkwardsizefor00huds | ||
| 003 | CaSfIA | ||
| 005 | 20210117183957.0 | ||
| 007 | cr|||| | ||
| 008 | 091214s1967 xxu 000 u eng d | ||
| 040 |
_aDKDLA _bdan _cDKDLA _dCaSfIA |
||
| 035 | _a(OCoLC)488572262 | ||
| 245 | 0 | 0 |
_a(An) Awkward Size for a Town. _h[electronic resource] |
| 260 |
_aNewton, _c1967. |
||
| 300 |
_a212 s. : _breg. : _bill. |
||
| 650 | 4 | _aByplanlægning. | |
| 650 | 4 | _aSociologi. | |
| 651 | 4 | _aSwindon. | |
| 700 | 1 | _aHudson, Kenneth. | |
| 029 | 0 |
_aDKDLA _b35626602 |
|
| 856 | 4 | 1 |
_uhttp://www.archive.org/details/anawkwardsizefor00huds _zFree eBook from the Internet Archive |
| 856 | 4 | 2 |
_uhttp://www.openlibrary.org/books/OL24200154M _zAdditional information and access via Open Library |
| 999 |
_c468486 _d468486 |
||
| 942 | _cEB | ||
| 506 | _fНеобхідна авторизація на https://archive.org/ (створення облікового запису безкоштовно) | ||
| 506 | _fНеобхідна авторизація на https://openlibrary.org/ (створення облікового запису безкоштовно) | ||